الأندية الصحية : (Record no. 12523)

MARC details
000 -الفاتح
حقل البيانات ثابتة الطول 01306nam a2200265 i 4500
003 - محدد رقم الضبط
رقم الضبط EG-ScBUE
005 - وقت وتاريخ اخر تعامل مع التسجيلة
رقم الضبط 20230322115107.0
008 - عناصر البيانات ثابتة الطول - معلومات عامة
حقل البيانات ثابتة الطول 090804s2004 ua o f 000 0 ara d
020 ## - الرقم الدولى المعيارى للكتب
الرقم الدولى المعيارى للكتاب 9771018310
040 ## - مصدر الفهرسة
وكالة الفهرسة الأصلية EG-ScBUE
لغة الفهرسة ara
قواعد الوصف rda
وكالة النسخ EG-ScBUE
وكالة التعديل EG-ScBUE
082 04 - رقم تصنيف ديوى العشرى
رقم التصنيف 796.068
رقم المادة ر ا ز
رقم الطبعة 22
100 1# - المدخل الرئيسى - إسم شخصى
الإسم الشخصى عبد الرازق، مدحت قاسم،
الدور مؤلف.
245 12 - بيان العنوان
العنوان الأندية الصحية :
بقية العنوان صحة ولياقة-إنقاص وزن-بناء الجسم /
بيان المسئوليه,etc دكتور مدحت قاسم عبد الرازق، مدرس بقسم علوم الصحة الرياضية، كلية التربية الرياضية-جامعة المنصورة، دكتور أحمد محمد عبد الفتاح، مدرس بقسم المناهج وطرق التدريس، كلية التربية الرياضية، جامعة المنصورة.
250 ## - بيان الطبعة
بيان الطبعة الطبعة الأولى.
264 #1 - النشر، التوزيع
مكان الناشر او الموزع القاهرة :
اسم الناشر او الموزع دار الفكر العربي،
تاريخ النشر أو التوزيع 2004.
300 ## - الوصف المادى
التعداد 207 : صفحة
تفاصيل ماديه اخرى للوعاء صور ؛
أبعاد الوعاء 19 سم
336 ## - نوع المحتوى
source rdacontent
Carrier Type Term نص
Content Type Code txt
337 ## - نوع الوسيط
source rdamedia
Media Type Term بدون وسيط
Media Type Code n
338 ## - نوع الحامل أو الناقل
source rdacarrier
Carrier Type Term مجلد
Carrier Type Code nc
650 #7 - المدخل الاضافى بالموضوع-مصطلح موضوعى
9 (RLIN) 8340
مصطلح موضوعي أو اسم جغرافي كعنصر مدخل الرياضة البدنية.
مصدر الرأس أو المصطلح BUEsh
650 #7 - المدخل الاضافى بالموضوع-مصطلح موضوعى
9 (RLIN) 8341
مصطلح موضوعي أو اسم جغرافي كعنصر مدخل النوادي الرياضية.
مصدر الرأس أو المصطلح BUEsh
653 ## - مصطلح تكشيفى غير مقيد
Resource For college Generalities
655 ## - مصطلح تكشيفى-نوع/شكل
التقسيم الفرعي الشكلي Reading book
942 ## - عناصر المدخل الإضافي( كوها)
مصدر التصنيف او مخطط الترفيف Dewey Decimal Classification
Koha [default] item type Book - Borrowing
Holdings
حالة التراجع حالة الفقد مصدر التصنيف او خطة الترفيف حالة تلف ليس للاعارة مجموعات كوها المكان الدائم المكان الحالي موقع الترفيف تاريخ الاكتساب Source of acquisition رقم الاستدعاء الباركود Date last seen نوع الوعاء
    Dewey Decimal Classification     Alef-Baa Central Library Central Library Second Floor 04/08/2009 Purchase 796.068 ر ا ز 000017641 15/07/2025 Book - Borrowing